Normal view
MARC view
- التعليم الجامعي-التحصيل العلمي-التوجيه التربوي
Entry Topical Term
001 - CONTROL NUMBER
- control field: 14455
003 - CONTROL NUMBER IDENTIFIER
- control field: JO-AjAnu
005 - DATE AND TIME OF LATEST TRANSACTION
- control field: 20230606072616.0
008 - FIXED-LENGTH DATA ELEMENTS
- fixed length control field: 230606|| aca||aabn | a|a d
040 ## - CATALOGING SOURCE
- Original cataloging agency: JO-AjAnu
- Transcribing agency: JO-AjAnu
150 ## - HEADING--TOPICAL TERM
- Topical term or geographic name entry element: التعليم الجامعي-التحصيل العلمي-التوجيه التربوي
670 ## - SOURCE DATA FOUND
- Source citation: Work cat.: (JO-AjAnu)7426: مرسي،محمد منير, author 14454, كيف تتفوق في دراستك الجامعية ؟ دليل المتعلم إلى التعلم